Every Manchester United Goal Scorer in the 2003/04 Premier League - Statistics

General Stats
  • This quiz has been taken 21 times
  • The average score is 48 of 64
Answer Stats
Game Scorer % Correct
Bolton Wanderers (H) Giggs
95%
Bolton Wanderers (H) Giggs
95%
Birmingham City (H) Giggs
95%
Liverpool (A) Giggs
95%
Liverpool (A) Giggs
95%
Middlesbrough (H) Giggs
95%
Tottenham Hotspur (H) Giggs
95%
Bolton Wanderers (H) Scholes
95%
Newcastle United (A) Scholes
95%
Birmingham City (H) Scholes
95%
Manchester City (H) Scholes
95%
Manchester City (H) Scholes
95%
Bolton Wanderers (A) Scholes
95%
Southampton (H) Scholes
95%
Leeds United (H) Scholes
95%
Manchester City (A) Scholes
95%
Leicester City (A) Keane
85%
Leeds United (A) Keane
85%
Portsmouth (H) Keane
85%
Bolton Wanderers (H) van Nistelrooy
85%
Newcastle United (A) van Nistelrooy
85%
Charlton Athletic (A) van Nistelrooy
85%
Charlton Athletic (A) van Nistelrooy
85%
Leicester City (A) van Nistelrooy
85%
Leicester City (A) van Nistelrooy
85%
Leicester City (A) van Nistelrooy
85%
Birmingham City (H) van Nistelrooy
85%
Blackburn Rovers (H) van Nistelrooy
85%
Aston Villa (A) van Nistelrooy
85%
Aston Villa (A) van Nistelrooy
85%
Manchester City (H) van Nistelrooy
85%
Tottenham Hotspur (A) van Nistelrooy
85%
Bolton Wanderers (A) van Nistelrooy
85%
Southampton (H) van Nistelrooy
85%
Everton (A) van Nistelrooy
85%
Everton (A) van Nistelrooy
85%
Middlesbrough (H) van Nistelrooy
85%
Chelsea (H) van Nistelrooy
85%
Aston Villa (A) van Nistelrooy
85%
Portsmouth (H) Ronaldo
80%
Tottenham Hotspur (H) Ronaldo
80%
Birmingham City (A) Ronaldo
80%
Aston Villa (A) Ronaldo
80%
Leicester City (H) G. Neville
75%
Charlton Athletic (A) G. Neville
75%
Everton (H) Butt
70%
Fulham (H) Forlan
50%
Portsmouth (H) Forlan
50%
Aston Villa (A) Forlan
50%
Aston Villa (A) Forlan
50%
Southampton (H) Saha
50%
Everton (A) Saha
50%
Everton (A) Saha
50%
Fulham (A) Saha
50%
Arsenal (A) Saha
50%
Birmingham City (A) Saha
50%
Charlton Athletic (A) Saha
50%
Wolverhampton Wanderers (H) O'Shea
40%
Tottenham Hotspur (A) O'Shea
40%
Middlesbrough (A) Fortune
30%
Blackburn Rovers (H) Kleberson
25%
Everton (H) Kleberson
25%
Everton (H) Bellion
20%
Tottenham Hotspur (H) Bellion
20%
No matching quizzes found
Score Distribution
Percent of People with Each Score
Percentile by Number Answered
Your Score History
You have not taken this quiz